000 00321nam a2200121Ia 4500
008 241015s9999 xx 000 0 und d
041 _aeng
082 _a658.3 SNE
100 _aSnell/ Morris
245 _aManaging Human Resources With Mindtap
260 _bCengage Learning India
_aDehli
_c2019
300 _a640;. P. 25 cm
999 _c41790
_d41790